Little Red Riding Hood / (Record no. 49782)
| 000 -LEADER | |
|---|---|
| fixed length control field | 00681nam a2200205 4500 |
| 020 ## - INTERNATIONAL STANDARD BOOK NUMBER | |
| International Standard Book Number | 9780723281863 |
| 020 ## - INTERNATIONAL STANDARD BOOK NUMBER | |
| International Standard Book Number | 0723281866 |
| 020 ## - INTERNATIONAL STANDARD BOOK NUMBER | |
| International Standard Book Number | 0723281866 |
| 100 1# - MAIN ENTRY--PERSONAL NAME | |
| Personal name | Southgate, Vera, |
| Relator term | author. |
| 9 (RLIN) | 24502 |
| 245 10 - TITLE STATEMENT | |
| Title | Little Red Riding Hood / |
| Statement of responsibility, etc | retold by Vera Southgate ; with illustrations by Marina Le Ray. |
| 260 ## - PUBLICATION, DISTRIBUTION, ETC. (IMPRINT) | |
| Name of publisher, distributor, etc | Ladybird: |
| Date of publication, distribution, etc | 1 Sept. 2013. |
| 300 ## - PHYSICAL DESCRIPTION | |
| Extent | 48 pages. |
| 490 ## - SERIES STATEMENT | |
| Series statement | Ladybird tales |
| 650 #7 - SUBJECT ADDED ENTRY--TOPICAL TERM | |
| Topical term or geographic name as entry element | Picture Storybooks |
| 9 (RLIN) | 55651 |
| 650 ## - SUBJECT ADDED ENTRY--TOPICAL TERM | |
| Topical term or geographic name as entry element | Little Red Riding Hood (Tale) |
| Form subdivision | Juvenile fiction. |
| 9 (RLIN) | 61840 |
| 650 ## - SUBJECT ADDED ENTRY--TOPICAL TERM | |
| Topical term or geographic name as entry element | Little Red Riding Hood (Tale) |
| 9 (RLIN) | 86903 |
| 655 ## - INDEX TERM--GENRE/FORM | |
| Genre/form data or focus term | Fairy tales. |
| Source of term | fast |
| 9 (RLIN) | 21974 |
| 700 ## - ADDED ENTRY--PERSONAL NAME | |
| Personal name | Le Ray, Marina, |
| Relator term | Illustrator. |
| 9 (RLIN) | 61854 |
| 942 ## - ADDED ENTRY ELEMENTS (KOHA) | |
| Source of classification or shelving scheme | |
| Koha item type | Book |
| Withdrawn status | Lost status | Source of classification or shelving scheme | Damaged status | Not for loan | Home library | Current library | Date acquired | Total Checkouts | Full call number | Barcode | Date last seen | Date checked out | Price effective from | Koha item type | Public note |
|---|---|---|---|---|---|---|---|---|---|---|---|---|---|---|---|
| Logos International School | Logos International School | 11/18/2025 | 2 | X SOU | 041976 | 03/05/2026 | 02/12/2026 | 11/18/2025 | Book | Basket 29 |